Statystyki dla Płyty Sariusa

Kliknij tutaj aby rozwiązać quiz!

Ogólne statystyki

  • Ten quiz został rozwiązany 143 razy
  • Średni wynik to 4 z 10

Statystyki odpowiedzi

RokPłyty% Poprawnych
2017Sarius - Antihype
94%
2018Sarius - Wszystko Co Złe
84%
2016Sarius - I Żyli Krótko I Szczęśliwie
47%
2017Sarius - Czasem EP
42%
2013Sarius - Blisko Leży Obraz Końca
34%
2014Sarius - Daleko Jeszcze?
32%
2015Sarius/W.E.N.A./Voskovy - Złe Towarzystwo EP
20%
2014Sarius - Wszystko Dobrze EP
20%
2016Sarius/Soulpete - Zero Starań EP
15%
2015Sarius - Gdzieś to już Słyszałem MIxtape
8%

Rozkład punktacji

Percentyl według liczby udzielonych odpowiedzi

Procent ludzi z każdym wynikiem

Twoja historia wyników

Nie rozwiązałeś tego quizu